Statistics for Labor Forces by Country

Click here to take the quiz!

General Stats

  • This quiz has been taken 591 times
  • The average score is 22 of 25

Answer Stats

Labor ForceCountry% Correct
780,000,000China
100%
154,900,000United States
99%
650,300,00India
98%
75,810,000Russia
97%
31,250,000United Kingdom
97%
101,910,000Brazil
96%
27,990,000France
96%
43,510,000Germany
96%
65,930,000Japan
95%
46,100,000Mexico
95%
116,500,000Indonesia
94%
24,950,000Italy
92%
75,880,000Pakistan
90%
25,800,000Egypt
87%
24,370,000South Korea
86%
25,300,000Turkey
84%
72,500,000Bangladesh
83%
25,020,000Iran
83%
43,870,000Vietnam
83%
38,240,000Thailand
81%
47,330,000Nigeria
79%
37,890,000Philippines
74%
23,530,000Democratic Republic of the Congo
63%
30,850,000Burma
58%
37,900,000Ethiopia
58%

Score Distribution

Percentile by Number Answered

Percent of People with Each Score

Your Score History

You have not taken this quiz